Parlante : (Record no. 22091)

000 -CABECERA
fixed length control field 01580nam a22002897a 4500
003 - IDENTIFICADOR DEL NÚMERO DE CONTROL
control field AR-CdUCM
008 - DATOS DE LONGITUD FIJA--INFORMACIÓN GENERAL
fixed length control field 190425b ||||| |||| 00| 0 spa d
040 ## - FUENTE DE LA CATALOGACIÓN
Agencia/entidad que catalogó originalmente la obra MUNICIPALIDAD PROVINCIAL DEL CUSCO
Entidad que transcribió la catalogación BIBLIOTECA MUNICIPAL DEL CUSCO
082 ## - NÚMERO DE LA CLASIFICACIÓN DECIMAL DEWEY
No. de Clasificación Parlante/N°94/2007
110 ## - ENTRADA PRINCIPAL--NOMBRE DE ENTIDAD CORPORATIVA
Nombre de la institución, jurisdicción como entrada principal Centro Guamán Poma de Ayala
9 (RLIN) 20511
245 ## - MENCIÓN DE TÍTULO
Título Parlante :
Resto del título Revista del Cusco /
260 ## - PUBLICACIÓN, DISTRIBUCIÓN, ETC.
Lugar de publicación, distribución, etc. Cusco :
Nombre de la editorial, distribuidor, etc. Centro de Educación y Comunicación Guamán Poma de Ayala,
Fecha de publicación, distribución, etc. 2007.
300 ## - DESCRIPCIÓN FÍSICA
Nº de Páginas Extensión 36 páginas. :
Otros detalles físicos ilustraciones ;
Dimensiones 30 cm.
440 ## - MENCIÓN DE SERIE/PUNTO DE ACCESO ADICIONAL--TÍTULO
Título Parlante revista del Cusco.
Número de la parte/sección de una obra Año 22, N°94,diciembre 2007-enero 2008.
9 (RLIN) 47426
505 ## - NOTA DE CONTENIDO CON FORMATO
Nota de contenido formateada Contenido: La labor parlamentaria de Oswaldo Luizar. Luis Nieto Degregori. -- Del ayllu al capital social entrevista a Felipe Portocarrero. Juan Galiano. -- Las mejores y peores instituciones del 2007. -- Arquitectura contemporánea del Cusco neoincanismo y huachafismos. Enrique Estrada. -- Mercados de abasto mejorar o morir. -- Temporada de vacas gordas aprovechando para exprimir al turista. Adriana Peralta. -- La geología en la conservación de Machupicchu una llamada para prevenir y no lamentar. Luis Nieto Degregori. ...
650 ## - PUNTO DE ACCESO ADICIONAL DE MATERIA--TÉRMINO DE MATERIA
Descriptor Actualidad y política
9 (RLIN) 47410
650 ## - PUNTO DE ACCESO ADICIONAL DE MATERIA--TÉRMINO DE MATERIA
Descriptor Gobiernos locales
9 (RLIN) 8462
650 ## - PUNTO DE ACCESO ADICIONAL DE MATERIA--TÉRMINO DE MATERIA
Descriptor Centro Histórico Cusco
9 (RLIN) 46767
650 ## - PUNTO DE ACCESO ADICIONAL DE MATERIA--TÉRMINO DE MATERIA
Descriptor Educación, cultura y deportes
9 (RLIN) 47422
650 ## - PUNTO DE ACCESO ADICIONAL DE MATERIA--TÉRMINO DE MATERIA
Descriptor Medio ambiente
9 (RLIN) 47423
700 ## - PUNTO DE ACCESO ADICIONAL--NOMBRE DE PERSONA
Nombre Personal Nieto Degregori, Luis
9 (RLIN) 6534
700 ## - PUNTO DE ACCESO ADICIONAL--NOMBRE DE PERSONA
Nombre Personal Peralta, Adriana
9 (RLIN) 47414
700 ## - PUNTO DE ACCESO ADICIONAL--NOMBRE DE PERSONA
Nombre Personal Galiano, Juan
9 (RLIN) 47407
710 ## - PUNTO DE ACCESO ADICIONAL--NOMBRE DE ENTIDAD CORPORATIVA
Nombre corporativo (En letras Mayúsculas) Centro Guamán Poma de Ayala
9 (RLIN) 20511
942 ## - ELEMENTOS DE PUNTO DE ACCESO ADICIONAL (KOHA)
Fuente de clasificación
Tipo de item Revistas cusqueñas
945 ## - PROCESAMIENTO DE INFORMACIÓN LOCAL (OCLC)
Catalogador vhl
Holdings
Estado de retiro (separado) Fuente de clasificación o esquema de estanterías Estado dañado Ubicación Sala donde se ubica Nombre de la colección Fecha de adquisición o compra Costo, precio normal en soles Signatura topográfica Código de Barras Última vez visto (Koha) Tipo de ítem (Koha)
No     Sala Hemeroteca Sala Hemeroteca Book Cart 2022-03-03 5.00 Parlante/N°94/2007 REVC000753 2022-03-03 Revistas cusqueñas
No     Sala Hemeroteca Sala Hemeroteca Book Cart 2022-03-03 5.00 Parlante/N°94/2007/e.2 REVC000754 2022-03-03 Revistas cusqueñas

Powered by Koha